| 000 | 00416nam a2200145Ia 4500 | ||
|---|---|---|---|
| 008 | 210210b1994 xxu||||| |||| 00| 0 eng d | ||
| 082 | _a530.076 SRIS | ||
| 100 | _aSRIRAMAN (R). | ||
| 245 | _aSecond year pre-university physics questions & answers. | ||
| 260 |
_aMangalore _bUnited publishers _c1994 |
||
| 300 | _a315 | ||
| 650 | _aII PUC physics questions answers | ||
| 690 | _aPhysics Self Study | ||
| 906 | _a049135 | ||
| 999 |
_c98089 _d98089 |
||